Computers and intractability: A guide to the theory of NP-completeness (Record no. 1440)
[ view plain ]
| 000 -LEADER | |
|---|---|
| fixed length control field | 00481nam a2200157Ia 4500 |
| 008 - FIXED-LENGTH DATA ELEMENTS--GENERAL INFORMATION | |
| fixed length control field | 130318s9999 xx 000 0 und d |
| 020 ## - INTERNATIONAL STANDARD BOOK NUMBER | |
| International Standard Book Number | 716710455 |
| 082 ## - DEWEY DECIMAL CLASSIFICATION NUMBER | |
| Classification number | 005.12028 GAR/C |
| 100 ## - MAIN ENTRY--PERSONAL NAME | |
| Personal name | Garey, Michael R |
| 245 ## - TITLE STATEMENT | |
| Title | Computers and intractability: A guide to the theory of NP-completeness |
| 260 ## - PUBLICATION, DISTRIBUTION, ETC. | |
| Name of publisher, distributor, etc. | W.H Freeman and Company |
| Place of publication, distribution, etc. | New York |
| Date of publication, distribution, etc. | 1979 |
| 300 ## - PHYSICAL DESCRIPTION | |
| Extent | 338 |
| 440 ## - SERIES STATEMENT/ADDED ENTRY--TITLE | |
| Title | Series of Books in the Mathematical Sciences |
| 650 ## - SUBJECT ADDED ENTRY--TOPICAL TERM | |
| Topical term or geographic name entry element | ALGORITHMS |
| 700 ## - ADDED ENTRY--PERSONAL NAME | |
| Personal name | Johnson, David S |
| Withdrawn status | Lost status | Damaged status | Not for loan | Collection code | Home library | Current library | Shelving location | Date acquired | Cost, normal purchase price | Total Checkouts | Full call number | Barcode | Date last seen | Price effective from | Koha item type |
|---|---|---|---|---|---|---|---|---|---|---|---|---|---|---|---|
| Kerala University of Digital Sciences, Innovation and Technology Knowledge Centre | Kerala University of Digital Sciences, Innovation and Technology Knowledge Centre | 18/03/2013 | 2858.00 | 005.12028 GAR/C | 1447 | 18/03/2013 | 18/03/2013 | Archives |